Batido pingüino : (Record no. 359)

MARC details
000 -LEADER
campo de control de longitud fija 01228cam a2200253 a 4500
001 - NÚMERO DE CONTROL
campo de control 11887666
005 - FECHA Y HORA DE LA ÚLTIMA TRANSACCIÓN
campo de control 20220326193305.0
008 - DATOS DE LONGITUD FIJA--INFORMACIÓN GENERAL
campo de control de longitud fija 000112s1999 ve a 000 0 spa
010 ## - NÚMERO DE CONTROL DE LA BIBLIOTECA DEL CONGRESO
Número de control de LC 00274916
020 ## - NÚMERO INTERNACIONAL ESTÁNDAR DEL LIBRO
Número Internacional Estándar del Libro 9802332119
040 ## - FUENTE DE CATALOGACIÓN
Centro catalogador/agencia de origen DLC
Centro/agencia transcriptor DLC
082 ## - NÚMERO DE LA CLASIFICACIÓN DECIMAL DEWEY
Número de clasificación 708
Número de ítem Z54b
100 1# - ENTRADA PRINCIPAL--NOMBRE DE PERSONA
Nombre de persona Zerpa, Carlos,
Fechas asociadas al nombre 1950-
9 (RLIN) 1704
245 10 - MENCIÓN DEL TÍTULO
Título Batido pingüino :
Resto del título seis historias y una entrevista /
Mención de responsabilidad, etc. Carlos Zerpa.
260 ## - PUBLICACIÓN, DISTRIBUCIÓN, ETC.
Lugar de publicación, distribución, etc. Valencia, Venezuela :
Nombre del editor, distribuidor, etc. Universidad de Carabobo, Dirección de Cultura, Galería Universitaria Braulio Salazar,
Fecha de publicación, distribución, etc. 1999.
300 ## - DESCRIPCIÓN FÍSICA
Extensión 89 p. :
Otras características físicas ill. ;
Dimensiones 22 cm.
500 ## - NOTA GENERAL
Nota general Writings to accompany an exhibition of paintings by the author held at the Galería Braulio Salazar in Venezuela.
505 ## - NOTA DE CONTENIDO CON FORMATO
Título He Aquí
-- Licuado
-- Las niñas del Coum me obsesionan
-- Sí... ¡Pero mucha fantasía!
-- Cómetelo crudo y si esta vivo mejor
-- Gustos perversos por los muebles
-- Arte comestible
-- El auto retrato
-- Zoo/Entrevista
650 #0 - PUNTO DE ACCESO ADICIONAL DE MATERIA--TÉRMINO DE MATERIA
Término de materia o nombre geográfico como elemento de entrada Arts, Modern
Subdivisión cronológica 20th century.
9 (RLIN) 1546
650 #0 - PUNTO DE ACCESO ADICIONAL DE MATERIA--TÉRMINO DE MATERIA
Término de materia o nombre geográfico como elemento de entrada Art and society.
9 (RLIN) 200
700 ## - ENTRADA AGREGADA--NOMBRE PERSONAL
Nombre de persona Zerpa, Carlos,
9 (RLIN) 1705
906 ## - ELEMENTOS DE DATOS F LOCAL, LDF (RLIN)
a 7
b cbc
c orignew
d 3
e ncip
f 20
g y-gencatlg
Holdings
Estatus retirado Estado de pérdida Fuente del sistema de clasificación o colocación Estado de daño No para préstamo Biblioteca de origen Biblioteca actual Ubicación en estantería Fecha de adquisición Total de préstamos Signatura topográfica completa Código de barras Visto por última vez Precio de reemplazo Tipo de ítem Koha
    Clasificación Decimal Dewey     Biblioteca LadoV Biblioteca LadoV   21/11/2014   708 Z54b 000551 21/11/2014 21/11/2014 Material 01